00868nam a2200205Ia 4500001001000000003000500010008004100015010001100056040000900067100003000076245021700106260003400323300002100357502010600378650003000484650002700514650003900541650003200580710005000612Para_9087CHAP220125s2005 xx 000 0 und d a207694 cCHAP aMéndez Zepeda, Victorio aEficacia biológica del fungicida canon (sal de fosfito de potasio) en el control del mildiu del pepino (Pseudoperonospora cubensis (Berk. & Curt) Rostow) en el estado de Morelos /c por Victorio Méndez Zepeda aChapingo, Méx. :b el autor a46 h. + apénd. aTesis (Ing. Agr. Esp. en Parasitología Agrícola) -- UACh. Departamento Parasitología Agrícola aFungicidas x análisis  aHongos fitopatógenos aPepino x enfermedades por hongos  aPseudoperonospora cubensis  aUACh. Departamento Parasitología Agrícola